00700nam a2200229Ia 4500008004000000020001800040041000800058082001500066100001700081245004500098260003500143300001200178650000700190650001800197650001700215650001800232650001400250690001200264906001100276999001900287952016400306210210b2013 xxu||||| |||| 00| 0 eng d a9789350841747 aeng a574.5 KUME aKUMAR (Uday) aEncyclopaedia of environmental chemistry aNew DelhibCentrum Pressc2013 avii,296 aof aenvironmental aEncyclopedia aEncyclopaedia achemistry aEcology a067703 c150836d150836 001040738ChemistryaALbALcRSd2021-02-17eIntact Bookhouse Pvt. Ltd, Bangalore-560050g3000.00l0o574.5 KUMEp067703r2021-02-17 00:00:00w2021-02-17yBK